Museu d'Art Contemporani de Barcelona : 29 d'abril-1 de maig [de 1995] : obertura i presentació de l'edifici al públic 29 d'abril-1 de maig [de 1995] :
Descripción Física:
[12] f. ; 32 cm + 1 fot.
Materias:
Museu d'Art Contemporani de Barcelona
MARC
| LEADER | 00000nam a2200000Ia 4500 | ||
|---|---|---|---|
| 001 | 10825 | ||
| 008 | 160829s9999 xx 000 0 cat d | ||
| 080 | |a FU-27-28 | ||
| 110 | 2 | |a Museu d'Art Contemporani de Barcelona |9 52930 | |
| 245 | |a Museu d'Art Contemporani de Barcelona : |b 29 d'abril-1 de maig [de 1995] : |b obertura i presentació de l'edifici al públic | ||
| 260 | |a Barcelona : |b el Museu, [1995] | ||
| 300 | |a [12] f. ; |c 32 cm + 1 fot. | ||
| 590 | |a Fulletó presentat dins d'una carpeta | ||
| 650 | |a Museu d'Art Contemporani de Barcelona | ||
| 901 | |a Arxiu | ||
| 942 | |n 1 | ||
| 952 | |0 0 |1 0 |4 0 |6 FU2728 |7 1 |9 43491 |a Arxiu |b Arxiu |d 2016-12-01 |l 0 |o FU-27-28 |p 10825 |r 2016-12-01 00:00:00 |w 2016-12-01 |y ARXIU | ||
| 999 | |c 46037 |d 46037 | ||